IPhone Apps by Icon Quiz Stats

 Plays Quiz Updated May 16, 2018

Also try: Web Icons
Challenge
Share
Tweet
Score 0/24 Timer 04:00
0 Plays Today
App % Correct
Facebook
98.4%
Google Search
96.8%
Angry Birds
95.2%
Skype
93.1%
Nike+ GPS
91.3%
Twitter
87.3%
Sporcle
77.5%
Fruit Ninja
66.6%
Words With Friends
66%
Shazam
55.4%
Cut The Rope
54.9%
Bejeweled 2
54.8%
App % Correct
Doodle Jump
46.9%
Camera+
42.6%
Plants vs. Zombies
37.3%
Groupon
33.7%
Dropbox
31.7%
Tiny Wings
25.5%
Evernote
20.9%
Foursquare
18%
Remote
17.5%
Robot Unicorn Attack!
15.2%
Infinity Blade
12%
Starwalk
4.1%

You're not logged in!

Compare scores with friends on all Sporcle quizzes.
Join for Free
OR
Log In

You Might Also Like...

Show Comments

Extras

Top Quizzes Today


Score Distribution

Your Account Isn't Verified!

In order to create a playlist on Sporcle, you need to verify the email address you used during registration. Go to your Sporcle Settings to finish the process.

Report this User

Report this user for behavior that violates our Community Guidelines.

Details: